| 000 | 00470nam a2200205Ia 4500 | ||
|---|---|---|---|
| 005 | 20240823013756.0 | ||
| 008 | 240823s9999||||xx |||||||||||||| ||und|| | ||
| 020 | _a81-7317-215-3 | ||
| 041 | _aENGLISH | ||
| 082 | _A006.7869 P0 | ||
| 100 | _aSingh | ||
| 245 | 0 | _aLearn Your Self Photoshop 5.5 | |
| 250 | _a2nd | ||
| 260 |
_c2000 _b"Asian Pub," |
||
| 500 | _aYES | ||
| 650 |
_aPhotoshop _bComputer Science |
||
| 700 | _a Singh | ||
| 942 | _cBK | ||
| 999 |
_c168195 _d168195 |
||